<?xml version="1.0" encoding="UTF-8"?>
<record
    xmlns:xsi="http://www.w3.org/2001/XMLSchema-instance"
    xsi:schemaLocation="http://www.loc.gov/MARC21/slim http://www.loc.gov/standards/marcxml/schema/MARC21slim.xsd"
    xmlns="http://www.loc.gov/MARC21/slim">

  <leader>02361nam a22003737a 4500</leader>
  <datafield tag="952" ind1=" " ind2=" ">
    <subfield code="0">0</subfield>
    <subfield code="1">0</subfield>
    <subfield code="2">lcc</subfield>
    <subfield code="4">0</subfield>
    <subfield code="7">0</subfield>
    <subfield code="a">15</subfield>
    <subfield code="b">15</subfield>
    <subfield code="d">2013-08-28</subfield>
    <subfield code="l">0</subfield>
    <subfield code="o">612 B274f  2013</subfield>
    <subfield code="p">15 005985</subfield>
    <subfield code="r">2017-12-07</subfield>
    <subfield code="t">2</subfield>
    <subfield code="w">2014-09-13</subfield>
    <subfield code="y">LB</subfield>
  </datafield>
  <datafield tag="952" ind1=" " ind2=" ">
    <subfield code="0">0</subfield>
    <subfield code="1">0</subfield>
    <subfield code="2">lcc</subfield>
    <subfield code="4">0</subfield>
    <subfield code="7">0</subfield>
    <subfield code="a">15</subfield>
    <subfield code="b">15</subfield>
    <subfield code="d">2013-08-28</subfield>
    <subfield code="l">0</subfield>
    <subfield code="o">612 B274f  2013</subfield>
    <subfield code="p">15 005984</subfield>
    <subfield code="r">2017-12-07</subfield>
    <subfield code="t">1</subfield>
    <subfield code="w">2014-09-13</subfield>
    <subfield code="y">LB</subfield>
  </datafield>
  <datafield tag="952" ind1=" " ind2=" ">
    <subfield code="0">0</subfield>
    <subfield code="1">0</subfield>
    <subfield code="4">0</subfield>
    <subfield code="7">0</subfield>
    <subfield code="a">23</subfield>
    <subfield code="b">23</subfield>
    <subfield code="d">2015-06-24</subfield>
    <subfield code="l">5</subfield>
    <subfield code="m">1</subfield>
    <subfield code="o">QP31 G3218 2013</subfield>
    <subfield code="p">23 000098</subfield>
    <subfield code="r">2025-03-05</subfield>
    <subfield code="s">2023-01-11</subfield>
    <subfield code="t">1</subfield>
    <subfield code="w">2015-06-24</subfield>
    <subfield code="y">LB</subfield>
  </datafield>
  <datafield tag="952" ind1=" " ind2=" ">
    <subfield code="0">0</subfield>
    <subfield code="1">0</subfield>
    <subfield code="4">0</subfield>
    <subfield code="7">0</subfield>
    <subfield code="a">23</subfield>
    <subfield code="b">23</subfield>
    <subfield code="d">2015-06-24</subfield>
    <subfield code="l">6</subfield>
    <subfield code="o">QP31 G3218 2013</subfield>
    <subfield code="p">23 000099</subfield>
    <subfield code="r">2026-02-24</subfield>
    <subfield code="s">2026-01-30</subfield>
    <subfield code="t">2</subfield>
    <subfield code="w">2015-06-24</subfield>
    <subfield code="y">LB</subfield>
  </datafield>
  <datafield tag="952" ind1=" " ind2=" ">
    <subfield code="0">0</subfield>
    <subfield code="1">0</subfield>
    <subfield code="2">lcc</subfield>
    <subfield code="4">0</subfield>
    <subfield code="7">0</subfield>
    <subfield code="a">15</subfield>
    <subfield code="b">15</subfield>
    <subfield code="d">2015-11-19</subfield>
    <subfield code="l">1</subfield>
    <subfield code="o">612 B274f 2013</subfield>
    <subfield code="p">15 007637</subfield>
    <subfield code="r">2017-12-07</subfield>
    <subfield code="s">2017-08-14</subfield>
    <subfield code="t">3</subfield>
    <subfield code="w">2016-02-25</subfield>
    <subfield code="y">LB</subfield>
  </datafield>
  <datafield tag="952" ind1=" " ind2=" ">
    <subfield code="0">0</subfield>
    <subfield code="1">0</subfield>
    <subfield code="2">lcc</subfield>
    <subfield code="4">0</subfield>
    <subfield code="7">0</subfield>
    <subfield code="a">15</subfield>
    <subfield code="b">15</subfield>
    <subfield code="d">2015-11-19</subfield>
    <subfield code="l">0</subfield>
    <subfield code="o">612 B274f 2013</subfield>
    <subfield code="p">15 007638</subfield>
    <subfield code="r">2017-12-07</subfield>
    <subfield code="t">4</subfield>
    <subfield code="w">2016-02-25</subfield>
    <subfield code="y">LB</subfield>
  </datafield>
  <datafield tag="952" ind1=" " ind2=" ">
    <subfield code="0">0</subfield>
    <subfield code="1">0</subfield>
    <subfield code="4">0</subfield>
    <subfield code="7">0</subfield>
    <subfield code="a">23</subfield>
    <subfield code="b">23</subfield>
    <subfield code="d">2016-04-01</subfield>
    <subfield code="l">8</subfield>
    <subfield code="m">1</subfield>
    <subfield code="o">QP31 G3218 2013</subfield>
    <subfield code="p">23 000173</subfield>
    <subfield code="r">2026-02-13</subfield>
    <subfield code="s">2026-02-11</subfield>
    <subfield code="t">3</subfield>
    <subfield code="w">2016-04-01</subfield>
    <subfield code="y">LB</subfield>
  </datafield>
  <datafield tag="952" ind1=" " ind2=" ">
    <subfield code="0">0</subfield>
    <subfield code="1">0</subfield>
    <subfield code="4">0</subfield>
    <subfield code="7">0</subfield>
    <subfield code="a">23</subfield>
    <subfield code="b">23</subfield>
    <subfield code="d">2016-05-03</subfield>
    <subfield code="l">10</subfield>
    <subfield code="m">2</subfield>
    <subfield code="o">QP31 G3218 2013</subfield>
    <subfield code="p">23 000417</subfield>
    <subfield code="r">2026-02-11</subfield>
    <subfield code="s">2018-03-13</subfield>
    <subfield code="t">4</subfield>
    <subfield code="w">2016-05-03</subfield>
    <subfield code="y">LB</subfield>
  </datafield>
  <datafield tag="952" ind1=" " ind2=" ">
    <subfield code="0">0</subfield>
    <subfield code="1">0</subfield>
    <subfield code="2">lcc</subfield>
    <subfield code="4">0</subfield>
    <subfield code="7">0</subfield>
    <subfield code="a">13</subfield>
    <subfield code="b">13</subfield>
    <subfield code="d">2016-09-12</subfield>
    <subfield code="l">2</subfield>
    <subfield code="o">QP31 G32 2013</subfield>
    <subfield code="p">13 004287</subfield>
    <subfield code="r">2019-03-27</subfield>
    <subfield code="s">2019-03-27</subfield>
    <subfield code="t">1</subfield>
    <subfield code="w">2016-09-12</subfield>
    <subfield code="y">LB</subfield>
  </datafield>
  <datafield tag="952" ind1=" " ind2=" ">
    <subfield code="0">0</subfield>
    <subfield code="1">0</subfield>
    <subfield code="4">0</subfield>
    <subfield code="7">0</subfield>
    <subfield code="a">23</subfield>
    <subfield code="b">23</subfield>
    <subfield code="d">2017-03-03</subfield>
    <subfield code="l">11</subfield>
    <subfield code="m">4</subfield>
    <subfield code="o">QP31 G3218 2013</subfield>
    <subfield code="p">23 001007</subfield>
    <subfield code="r">2023-02-01</subfield>
    <subfield code="s">2023-01-28</subfield>
    <subfield code="t">5</subfield>
    <subfield code="w">2017-03-03</subfield>
    <subfield code="y">LB</subfield>
  </datafield>
  <datafield tag="952" ind1=" " ind2=" ">
    <subfield code="0">0</subfield>
    <subfield code="1">0</subfield>
    <subfield code="4">0</subfield>
    <subfield code="7">0</subfield>
    <subfield code="a">23</subfield>
    <subfield code="b">23</subfield>
    <subfield code="d">2017-07-17</subfield>
    <subfield code="l">9</subfield>
    <subfield code="m">2</subfield>
    <subfield code="o">QP31 G3218 2013</subfield>
    <subfield code="p">23 001294</subfield>
    <subfield code="r">2026-02-13</subfield>
    <subfield code="s">2026-02-11</subfield>
    <subfield code="t">6</subfield>
    <subfield code="w">2017-07-17</subfield>
    <subfield code="y">LB</subfield>
  </datafield>
  <datafield tag="952" ind1=" " ind2=" ">
    <subfield code="0">0</subfield>
    <subfield code="1">0</subfield>
    <subfield code="4">0</subfield>
    <subfield code="7">0</subfield>
    <subfield code="a">23</subfield>
    <subfield code="b">23</subfield>
    <subfield code="d">2017-07-17</subfield>
    <subfield code="l">10</subfield>
    <subfield code="m">2</subfield>
    <subfield code="o">QP31 G3218 2013</subfield>
    <subfield code="p">23 001295</subfield>
    <subfield code="r">2026-02-13</subfield>
    <subfield code="s">2026-02-11</subfield>
    <subfield code="t">7</subfield>
    <subfield code="w">2017-07-17</subfield>
    <subfield code="y">LB</subfield>
  </datafield>
  <datafield tag="952" ind1=" " ind2=" ">
    <subfield code="0">0</subfield>
    <subfield code="1">0</subfield>
    <subfield code="4">0</subfield>
    <subfield code="7">0</subfield>
    <subfield code="a">23</subfield>
    <subfield code="b">23</subfield>
    <subfield code="d">2017-07-17</subfield>
    <subfield code="l">12</subfield>
    <subfield code="m">3</subfield>
    <subfield code="o">QP31 G3218 2013</subfield>
    <subfield code="p">23 001296</subfield>
    <subfield code="r">2026-02-13</subfield>
    <subfield code="s">2026-02-11</subfield>
    <subfield code="t">8</subfield>
    <subfield code="w">2017-07-17</subfield>
    <subfield code="y">LB</subfield>
  </datafield>
  <datafield tag="952" ind1=" " ind2=" ">
    <subfield code="0">0</subfield>
    <subfield code="1">0</subfield>
    <subfield code="4">0</subfield>
    <subfield code="7">0</subfield>
    <subfield code="a">23</subfield>
    <subfield code="b">23</subfield>
    <subfield code="d">2017-07-17</subfield>
    <subfield code="l">15</subfield>
    <subfield code="o">QP31 G3218 2013</subfield>
    <subfield code="p">23 001297</subfield>
    <subfield code="r">2026-02-19</subfield>
    <subfield code="s">2026-02-11</subfield>
    <subfield code="t">9</subfield>
    <subfield code="w">2017-07-17</subfield>
    <subfield code="y">LB</subfield>
  </datafield>
  <datafield tag="999" ind1=" " ind2=" ">
    <subfield code="c">94027</subfield>
    <subfield code="d">94027</subfield>
  </datafield>
  <controlfield tag="005">20231102151722.0</controlfield>
  <controlfield tag="008">140913s2013    mx ado|| |||| 00| 0 spa d</controlfield>
  <datafield tag="020" ind1=" " ind2=" ">
    <subfield code="a">9786071508744</subfield>
  </datafield>
  <datafield tag="050" ind1=" " ind2="4">
    <subfield code="a">QP31</subfield>
    <subfield code="b">G3218 2013</subfield>
  </datafield>
  <datafield tag="082" ind1=" " ind2=" ">
    <subfield code="a">612</subfield>
    <subfield code="b">B274f  2013</subfield>
  </datafield>
  <datafield tag="100" ind1="1" ind2=" ">
    <subfield code="a">Ganong, William Francis</subfield>
    <subfield code="d">1864-1941</subfield>
    <subfield code="e">autor</subfield>
  </datafield>
  <datafield tag="240" ind1="1" ind2="0">
    <subfield code="a">Ganong&#xB4;s review of medical physiology. </subfield>
    <subfield code="l">Espa&#xF1;ol</subfield>
  </datafield>
  <datafield tag="245" ind1="1" ind2="0">
    <subfield code="a">Fisiolog&#xED;a M&#xE9;dica</subfield>
    <subfield code="c">/ Kim E. Barrett, Susan M. Barman, Scott Boitano, Heddwen L. Brooks ; traducci&#xF3;n Jos&#xE9; Rafael Blengio Pinto, Jos&#xE9; Luis Gonz&#xE1;lez Hern&#xE1;ndez </subfield>
  </datafield>
  <datafield tag="250" ind1=" " ind2=" ">
    <subfield code="a">24a. edici&#xF3;n</subfield>
  </datafield>
  <datafield tag="260" ind1="3" ind2=" ">
    <subfield code="a">M&#xE9;xico</subfield>
    <subfield code="b">: McGraw- Hill Interamericana</subfield>
    <subfield code="c">, 2013</subfield>
  </datafield>
  <datafield tag="300" ind1=" " ind2=" ">
    <subfield code="a">752 p&#xE1;ginas</subfield>
    <subfield code="b">ilustrado  fotograf&#xED;as  gr&#xE1;ficas</subfield>
  </datafield>
  <datafield tag="490" ind1="0" ind2=" ">
    <subfield code="a">A Lange Medical Book</subfield>
  </datafield>
  <datafield tag="500" ind1=" " ind2=" ">
    <subfield code="a">Incluye alfab&#xE9;tico (pp.723 -752)
Traducci&#xF3;n de: Ganong&#xB4;s review of medical physiology</subfield>
  </datafield>
  <datafield tag="504" ind1=" " ind2=" ">
    <subfield code="a">Incluye bibliograf&#xED;a adicional al final de cada cap&#xED;tulo
</subfield>
  </datafield>
  <datafield tag="505" ind1="1" ind2=" ">
    <subfield code="a">Bases celulares y moleculares de la fisiolog&#xED;a m&#xE9;dica
Neurofisiolog&#xED;a central y perif&#xE9;rica
Fisiolog&#xED;a endocrina y de la reproducci&#xF3;n
Fisiolog&#xED;a del tubo digestivo
Fisiolog&#xED;a cardiovascular
Fisiolog&#xED;a de la respiraci&#xF3;n
Fisiolog&#xED;a renal</subfield>
  </datafield>
  <datafield tag="519" ind1=" " ind2=" ">
    <subfield code="a">Plan UNAM  2o. Semestre / </subfield>
    <subfield code="b">Enfermer&#xED;a / </subfield>
    <subfield code="c">Procesos Biofisiol&#xF3;gicos II (1213) /</subfield>
    <subfield code="d">(23 000098, 23 000099, 23 000173, 23 000417, 23 001007, 23 001294, 23 001295, 23 001296, 23 001297)</subfield>
  </datafield>
  <datafield tag="519" ind1=" " ind2=" ">
    <subfield code="a">Plan flexible / </subfield>
    <subfield code="b">Nutrici&#xF3;n /  </subfield>
    <subfield code="c">Fisiolog&#xED;a (B07) /</subfield>
    <subfield code="d">(13 004287)</subfield>
  </datafield>
  <datafield tag="650" ind1="1" ind2="4">
    <subfield code="a">FISIOLOG&#xCD;A</subfield>
    <subfield code="x">MANUALES, ETC.</subfield>
  </datafield>
  <datafield tag="700" ind1="1" ind2=" ">
    <subfield code="a">Barret, Kim E.</subfield>
    <subfield code="e">colaborador</subfield>
  </datafield>
  <datafield tag="700" ind1="1" ind2=" ">
    <subfield code="a">Barman,  Susan M.</subfield>
    <subfield code="e">colaborador</subfield>
  </datafield>
  <datafield tag="700" ind1="1" ind2=" ">
    <subfield code="a">Gonz&#xE1;lez Hern&#xE1;ndez, Jos&#xE9; Luis</subfield>
    <subfield code="e">traductor</subfield>
  </datafield>
  <datafield tag="942" ind1=" " ind2=" ">
    <subfield code="c">LB</subfield>
  </datafield>
</record>
